[Event "SVK-chT1E 0708"]
[Site "Slovakia"]
[Date "2007.10.13"]
[Round "1.5"]
[White "Magat, Jozef"]
[Black "Bobak, Juraj"]
[Result "1-0"]
[WhiteElo "2106"]
[BlackElo "1774"]
[PlyCount "132"]
[EventDate "2007.10.13"]
[EventType "team-swiss"]
[EventRounds "11"]
[EventCountry "SVK"]
[SourceTitle "EXT 2009"]
[Source "ChessBase"]
[SourceDate "2008.11.26"]
[SourceVersion "1"]
[SourceVersionDate "2008.11.26"]
[SourceQuality "1"]
[WhiteTeam "Dunajov Inbest"]
[BlackTeam "Presov Tatran"]
[WhiteTeamCountry "SVK"]
[BlackTeamCountry "SVK"]

1. Nf3 e6 2. c4 f5 3. Nc3 Nf6 4. d4 d6 5. g3 Be7 6. Bg2 0-0 7. Qc2 Qe8 8. a3 c6 9. b4 d5 10. c5 a6 11. Na4 Nbd7 12. Ng5 Bd8 13. f3 Nh5 14. g4 Bxg5 15. Bxg5 fxg4 16. fxg4 Nf4 17. Bf3 e5 18. Rf1 Ne6 19. Be3 e4 20. Bg2 Rxf1+ 21. Bxf1 Qg6 22. h3 Nc7 23. Nc3 Nb5 24. a4 Nxc3 25. Qxc3 Nf8 26. Bf4 Bd7 27. Qe3 Ne6 28. Be5 Re8 29. Kd2 Qg5 30. Qxg5 Nxg5 31. Ke3 Nf7 32. Bg3 g5 33. Bg2 Nd8 34. Bd6 Rf8 35. Rf1 Ne6 36. Be5 Rxf1 37. Bxf1 Kf7 38. Bg2 Kg6 39. Bd6 h6 40. Be5 Nd8 41. Kf2 Kf7 42. e3 Kg6 43. Bf1 Kf7 44. Ke1 Kg6 45. Be2 Kf7 46. Kd2 Kg6 47. Kc3 Nf7 48. Bc7 Kf6 49. b5 axb5 50. axb5 h5 51. gxh5 Bxh3 52. Kb4 Bd7 53. Ka5 g4 54. Kb6 Kg5 55. Kxb7 cxb5 56. c6 Bxc6+ 57. Kxc6 b4 58. Bd1 Kxh5 59. Bg3 Kg5 60. Kxd5 Kf5 61. Bf4 Nd8 62. Bc2 Ne6 63. Bxe4+ Kf6 64. Be5+ Ke7 65. Bd6+ Kf6 66. Bxb4 Ng5 1-0